| 000 | 00749nam a2200181 i 4500 | ||
|---|---|---|---|
| 001 | 56382 | ||
| 003 | ES-MaACL | ||
| 005 | 20230906163344.0 | ||
| 007 | t| | ||
| 008 | 031008s1969 xxu ||||1| spa d | ||
| 245 | 0 | 0 |
_aNuevo diccionario revisado Appleton-Cuyás español-inglés, inglés-español _b: = The new revised Appleton-Cuyás spanish-english, english-spanish dictionary. |
| 260 |
_aEngrewood Cliffs, New Jersey : _bPrentice-Hall, _c[1969] |
||
| 300 |
_a2 t. en 1 v. ; _c18 cm. |
||
| 650 | 0 | 4 |
_aLengua española- _vDiccionarios- _xInglés. _914142 |
| 650 | 0 | 4 |
_aLengua española- _vDiccionarios- _xInglés. _914142 |
| 740 | 4 | _aThe new revised Appleton-Cuyás spanish-english, english-spanish dictionary. | |
| 852 |
_aES-MaACL _jL-5997 _bR.106549 |
||
| 999 |
_c56382 _d56382 |
||